000 00350cam a22001097a 4500
008 180718b1949 xxu||||| |||| 00| 0 eng d
082 _aI28 x73 Un3
245 _aThe Independent Regulatory commissions
_cBy The commission on organisation
260 _aWashington
_bGovt .of USA
_c1949
300 _a24p.
650 _aExecutive departments -- United States
999 _c415680
_d415680